| 000 | 00621nam a2200181Ia 4500 | ||
|---|---|---|---|
| 008 | 090630s9999 xx 000 0 und d | ||
| 082 | _b22504 | ||
| 100 | _aआचार्य नयना. | ||
| 245 |
_aआग अन्र फुफाटा. _cआचार्य नयना. |
||
| 260 |
_bमनोरमा - मुंबई. _c2000 |
||
| 300 | _a185 | ||
| 600 | _aआचार्य नयना. | ||
| 630 | _aआग अन्र फुफाटा. | ||
| 655 | _aकादंबरी. | ||
| 700 | _aआचार्य नयना. | ||
| 730 | _aआग अन्र फुफाटा. | ||
| 942 | _cBOOK | ||
| 999 |
_c274360 _d274360 |
||